000
00314nam a2200121Ia 4500
005
20260328104307.0
008
260328s9999||||xx |||||||||||||| ||und||
100
_a
Jodidio, Philip
245
0
_a
Serpentine Gallery Paviolions /
_c
Philip Jodidio
260
_b
taschen
650
_a
ARQUITECTURA MODERNA
942
_c
BK
999
_c
10790
_d
10790